000
00264nam a22001217a 4500
008
171215b xxu||||| |||| 00| 0 eng d
041
_a
eng
080
_a
37
100
_a
46
101
_a
EDU
245
_a
WHAT ARE THE OTHER DOING?
_c
MARRIOTT,D
942
_2
udc
_c
BK
999
_c
39042
_d
39042